Sběrné suroviny v tržním hospodářství.

Nové podmienky na úseku zberu a odbytu spotrebiteľských druhotných surovín pri zavádzaní trhového hospodárstva. Zmeny v organizačnej štruktúre a zmeny v hospodárení s druhotnými surovinami. Demonopolizácia, decentralizácia a špecializácia, likvidácia územného princípu a zmena foriem činnosti pre pod...

Description complète

Enregistré dans:
Détails bibliographiques
Auteur principal: Pojsl, Zdeněk
Autres auteurs: Dvořák, Antonín
Format: Chapitre de livre
Langue:tchèque
Sujets:
Tags: Ajouter un tag
Pas de tags, Soyez le premier à ajouter un tag!

MARC

LEADER 00000naa a2200000 4500
001 r003570
005 20221125080708.4
041 0 |a cze 
044 |a [CS] 
245 1 0 |a Sběrné suroviny v tržním hospodářství.  |c Zdeněk Pojsl, A. Dvořák 
520 |a Nové podmienky na úseku zberu a odbytu spotrebiteľských druhotných surovín pri zavádzaní trhového hospodárstva. Zmeny v organizačnej štruktúre a zmeny v hospodárení s druhotnými surovinami. Demonopolizácia, decentralizácia a špecializácia, likvidácia územného princípu a zmena foriem činnosti pre podniky Zberné suroviny. 
610 2 0 |a suroviny druhotné 
610 2 0 |a zber surovín 
610 2 0 |a hospodárstvo trhové 
610 2 0 |a zmeny štruktúrne 
610 2 0 |a štruktúra organizačná 
610 2 0 |a decentralizácia 
610 2 0 |a Zberné suroviny 
610 2 0 |a demonopolizácia 
100 1 |a Pojsl, Zdeněk 
700 1 |a Dvořák, Antonín